01535nab a22002777a 4500999001500000003000400015005001700019008004100036040000700077100002600084245009900110260007300209300001500282500003600297505027400333505007800607505016600685505008100851650002300932650002900955650003100984650004801015700002701063773015401090942001301244 c6460d6460OSt20260205105639.0190429b xxu||||| |||| 00| 0 spa d cPJ aMaggio, Facundo9446210aSobre la literalidad del concepto de la prisión perpetua /cFacundo Maggio, Lucas M. Maggio. cCiudad Autónoma de Buenos Aires :aThomson Reuters La Ley, b2024. ap. 227-229 aCita: TR LALEY AR/DOC/858/2024. aSumario: I. Introducción.— II. Decisión de la Corte de Justicia de Salta. Constitucionalidad de la prisión perpetua.— III. Posición de la defensa. Recurso Extraordinario Federal.— IV. La posición de la CS. Disidencia Dr. Rosenkrantz.— V. Conclusiones. aFallo comentado: Trib. Impug. Sala III ~ 03/02/2016 ~ L., G. y otros.  aFallo comentado: CS ~ 07/12/2023 ~ Lasi, Gustavo Orlando y otros s/ delito de doble homicidio calificado criminis causa, abuso sexual agravado y robo calificado. tSi te interesa el texto completo, solicitalo a koha@justierradelfuego.gov.ar 09343aDERECHO PENAL 094933aPRISIÓN PERPETUA 092954aLIBERTAD CONDICIONAL 0aCORTE SUPREMA DE JUSTICIA DE LA NACION9822 aMaggio, Lucas M.970840 0265893164tRevista de derecho penal y criminología. Nº 4 - Mayo 2024dCiudad Autónoma de Buenos Aires : Thomson Reuters La Ley, 2017-x00347914 2udccANA